Building material and construction / (Record no. 147583)

MARC details
000 -LEADER
fixed length control field 00659nam a22001937a 4500
005 - DATE AND TIME OF LATEST TRANSACTION
control field 20171120125410.0
010 ## - LCCN (DPL NO)
LC control number ENG-121500
020 ## - INTERNATIONAL STANDARD BOOK NUMBER
International Standard Book Number 9789325981027
Terms of availability 175.00
035 ## - SYSTEM CONTROL NUMBER
System control number EN-105032
037 ## - SOURCE OF ACQUISITION
Source of stock number/acquisition DBAD/PUB
082 ## - DEWEY DECIMAL CLASSIFICATION NUMBER
Classification number 690
100 ## - MAIN ENTRY--PERSONAL NAME
Personal name Bhavikatti,S.S.
245 ## - TITLE STATEMENT
Title Building material and construction /
Statement of responsibility, etc by S.S.Bhavikatti
260 ## - PUBLICATION, DISTRIBUTION, ETC. (IMPRINT)
Place of publication, distribution, etc Noida
Name of publisher, distributor, etc Vikas Publishing House
Date of publication, distribution, etc 2017
270 ## - ADDRESS
Address E-28, Sector 8,
City Noida (UP)
Postal code 201301
300 ## - PHYSICAL DESCRIPTION
Extent xv,234p.:
Dimensions 25cm(pbk)
Other physical details ill.
505 ## - FORMATTED CONTENTS NOTE
Formatted contents note As papers III semester diploma in civil engineering syllabus of West Bengal State council of technical education.
942 ## - ADDED ENTRY ELEMENTS (KOHA)
Source of classification or shelving scheme Dewey Decimal Classification
Item type English Books
Classification part 690
Call number suffix BHA
Holdings
Withdrawn status Lost status Not for loan Collection code Home library Current library Date acquired Source of acquisition Cost, normal purchase price Full call number Barcode Copy number Cost, replacement price Koha item type
    Not For Loan Non-fiction D.B.Act.Division Bawana 20/11/2017 DBAD/PUB 175.00 690 BHA EN-105032 1 175.00 English Books

© Delhi Public Library
Hit Counter
free hit counter